[Event "Paracin Summer op"]
[Site "Paracin"]
[Date "2020.07.08"]
[Round "7"]
[White "Van Dael, Siem"]
[Black "Kisic, Jovan"]
[Result "1/2-1/2"]
[WhiteElo "2293"]
[BlackElo "1903"]
[PlyCount "109"]
[EventDate "2020.07.03"]
[EventType "swiss"]
[EventRounds "9"]
[EventCountry "SRB"]
[SourceTitle "CBM 197 Extra"]
[Source "ChessBase"]
[SourceDate "2020.09.30"]
[SourceVersion "1"]
[SourceVersionDate "2020.09.30"]
[SourceQuality "1"]

1. e4 Nf6 2. Nc3 d5 3. exd5 Nxd5 4. Bc4 Nxc3 5. bxc3 e6 6. Nf3 Be7 7. d4 0-0 8. 0-0 b6 9. Qe2 Bb7 10. Bd3 Qd5 11. c4 Qh5 12. Be4 Bxe4 13. Qxe4 Na6 14. Bf4 Qf5 15. Qxf5 exf5 16. Rfe1 Bb4 17. Re5 g6 18. Bh6 Rfe8 19. Rd1 f6 20. Re3 Kf7 21. h4 Re4 22. Rxe4 fxe4 23. Nd2 Re8 24. Nf1 Bd6 25. Bd2 Nb8 26. c3 Nd7 27. Ne3 c6 28. Bc1 Bb8 29. Nc2 a5 30. a4 f5 31. Ba3 Rd8 32. Rb1 f4 33. Re1 Re8 34. Na1 h6 35. Nb3 g5 36. hxg5 hxg5 37. c5 Bc7 38. cxb6 Nxb6 39. Nxa5 Nxa4 40. Nxc6 Nxc3 41. Bb2 Nd5 42. Ne5+ Bxe5 43. dxe5 e3 44. fxe3 Nxe3 45. g3 Nc4 46. Bc3 fxg3 47. Kg2 Ke6 48. Kxg3 Kd5 49. Rd1+ Ke6 50. Ra1 Kf5 51. Rf1+ Ke4 52. Re1+ Kf5 53. e6 Rxe6 54. Rxe6 Kxe6 55. Kg4 1/2-1/2

[Event "SRB-ch sf"]
[Site "Novi Banovci"]
[Date "2020.02.27"]
[Round "5"]
[White "Gavric, Zivojin"]
[Black "Kisic, Jovan"]
[Result "1-0"]
[WhiteElo "2134"]
[BlackElo "1874"]
[PlyCount "77"]
[EventDate "2020.02.24"]
[EventType "swiss"]
[EventRounds "9"]
[EventCountry "SRB"]
[SourceTitle "CBM 195 Extra"]
[Source "ChessBase"]
[SourceDate "2020.05.31"]
[SourceVersion "1"]
[SourceVersionDate "2020.05.31"]
[SourceQuality "1"]

1. e4 c6 2. Ne2 d5 3. e5 d4 4. Ng3 c5 5. Bc4 e6 6. 0-0 Nc6 7. f4 g6 8. d3 h5 9. Nd2 h4 10. Nge4 Be7 11. Nf3 Nh6 12. Bd2 a6 13. a4 b6 14. Qe2 Bb7 15. Nfg5 Nf5 16. Rae1 Na7 17. c3 Qd7 18. Nf6+ Bxf6 19. exf6 Bd5 20. Bxa6 Rd8 21. c4 Bc6 22. Bb5 Nxb5 23. axb5 Ba8 24. Ra1 Qb7 25. Rf3 h3 26. Rxh3 Rxh3 27. Nxh3 Nh4 28. Ng5 Nxg2 29. Ne4 Nh4 30. b4 Nf5 31. bxc5 bxc5 32. Ra6 Rc8 33. Qg4 Kd7 34. Qh3 Qc7 35. Qh7 Rf8 36. b6 Qc6 37. Ra7+ Kd8 38. Rxf7 Re8 39. b7 1-0

[Event "EU-Cup 35th"]
[Site "Ulcinj"]
[Date "2019.11.15"]
[Round "6.14"]
[White "Van Wissen, Michiel"]
[Black "Kisic, Jovan"]
[Result "1-0"]
[WhiteElo "2289"]
[BlackElo "1780"]
[PlyCount "67"]
[EventDate "2019.11.10"]
[EventType "team-swiss"]
[EventRounds "7"]
[EventCountry "MNE"]
[SourceTitle "CBM 193 Extra"]
[Source "ChessBase"]
[SourceDate "2020.01.31"]
[SourceVersion "1"]
[SourceVersionDate "2020.01.31"]
[SourceQuality "1"]
[WhiteTeam "Leiden LSG"]
[BlackTeam "Itaka"]
[WhiteTeamCountry "NED"]
[BlackTeamCountry "SRB"]

1. e4 c5 2. Nf3 d6 3. Bb5+ Bd7 4. Bxd7+ Qxd7 5. 0-0 Nc6 6. c3 Nf6 7. Re1 e6 8. d4 cxd4 9. cxd4 d5 10. e5 Ne4 11. Nc3 Nxc3 12. bxc3 h6 13. Qd3 Be7 14. h4 0-0-0 15. Be3 Na5 16. a4 Kb8 17. Reb1 Nc4 18. a5 Rc8 19. a6 b6 20. Bc1 Rc7 21. h5 Ka8 22. g3 Kb8 23. Kg2 f5 24. exf6 gxf6 25. Qg6 Nd6 26. Bxh6 Nf5 27. Bf4 Bd6 28. Bxd6 Qxd6 29. Qxf6 Rxh5 30. Rh1 Rhh7 31. Rxh7 Rxh7 32. Re1 Re7 33. Qf8+ Kc7 34. Qa8 1-0

[Event "EU-Cup 35th"]
[Site "Ulcinj"]
[Date "2019.11.10"]
[Round "1.16"]
[White "Reichardt, Robin"]
[Black "Kisic, Jovan"]
[Result "1-0"]
[WhiteElo "1954"]
[BlackElo "1780"]
[PlyCount "75"]
[EventDate "2019.11.10"]
[EventType "team-swiss"]
[EventRounds "7"]
[EventCountry "MNE"]
[SourceTitle "CBM 193 Extra"]
[Source "ChessBase"]
[SourceDate "2020.01.31"]
[SourceVersion "1"]
[SourceVersionDate "2020.01.31"]
[SourceQuality "1"]
[WhiteTeam "En Passant"]
[BlackTeam "Itaka"]
[WhiteTeamCountry "NED"]
[BlackTeamCountry "SRB"]

1. d4 Nf6 2. Nf3 g6 3. c4 Bg7 4. Nc3 d6 5. e4 0-0 6. Be2 e5 7. 0-0 exd4 8. Nxd4 Re8 9. f3 c6 10. Nc2 Nh5 11. Qd3 Qh4 12. f4 Rd8 13. Be3 Na6 14. Rad1 Bg4 15. Bf2 Bxe2 16. Bxh4 Bxd3 17. Rxd3 Nc5 18. Re3 Re8 19. b4 Bxc3 20. bxc5 Bd2 21. Rd3 Bxf4 22. g4 dxc5 23. gxh5 Rxe4 24. Rdf3 Bxh2+ 25. Kxh2 Rxh4+ 26. Kg3 Rxc4 27. Ne3 Rc3 28. Ng4 Rxf3+ 29. Rxf3 f5 30. Ne5 Kg7 31. Rd3 Re8 32. Kf4 Re7 33. hxg6 hxg6 34. Rd6 c4 35. Rxg6+ Kh7 36. Rg3 b5 37. Kxf5 a5 38. Kf6 1-0

[Event "EU-ch U10"]
[Site "Bratislava"]
[Date "2019.08.05"]
[Round "4"]
[White "Mehtizada, Murad"]
[Black "Kisic, Jovan"]
[Result "1-0"]
[WhiteElo "1513"]
[BlackElo "1757"]
[PlyCount "57"]
[EventDate "2019.08.02"]
[EventType "swiss"]
[EventRounds "9"]
[EventCountry "SVK"]
[SourceTitle "EXT 2020"]
[Source "ChessBase"]
[SourceDate "2019.10.17"]
[SourceVersion "1"]
[SourceVersionDate "2019.10.17"]
[SourceQuality "1"]

1. d4 Nf6 2. e3 d5 3. Bd3 c5 4. c3 Nc6 5. f4 Bg4 6. Nf3 e6 7. 0-0 Bd6 8. Qe1 Bf5 9. Bxf5 exf5 10. Ne5 0-0 11. Nd2 Ne4 12. Nxe4 fxe4 13. Qg3 f6 14. Ng4 Ne7 15. h4 Nf5 16. Qh3 Qc8 17. h5 Kf7 18. Bd2 Rg8 19. Rad1 c4 20. b3 Nh6 21. f5 Nxf5 22. Rxf5 Qe6 23. Rf2 f5 24. Rxf5+ Ke7 25. Rdf1 Kd7 26. Rf7+ Kc8 27. bxc4 dxc4 28. d5 Qxd5 29. Nf6+ 1-0

[Event "EU-ch U10"]
[Site "Bratislava"]
[Date "2019.08.04"]
[Round "3"]
[White "Kisic, Jovan"]
[Black "Sarafis, Rafail"]
[Result "1-0"]
[WhiteElo "1757"]
[BlackElo "1355"]
[PlyCount "115"]
[EventDate "2019.08.02"]
[EventType "swiss"]
[EventRounds "9"]
[EventCountry "SVK"]
[SourceTitle "EXT 2020"]
[Source "ChessBase"]
[SourceDate "2019.10.17"]
[SourceVersion "1"]
[SourceVersionDate "2019.10.17"]
[SourceQuality "1"]

1. d4 Nf6 2. c4 e6 3. Nc3 Bb4 4. Qc2 0-0 5. Bf4 d6 6. Nf3 c5 7. e3 Re8 8. dxc5 dxc5 9. Be2 Nc6 10. Ne5 Qb6 11. 0-0 Nd7 12. Nxc6 Qxc6 13. Bf3 Qb6 14. Rfd1 e5 15. Nd5 Qd8 16. Bg3 Ba5 17. a3 Qg5 18. e4 h5 19. h4 Qg6 20. Qe2 Nf6 21. Qe3 b6 22. Nc7 Bb7 23. Nxa8 Bxa8 24. Qg5 Qxg5 25. hxg5 Nxe4 26. Bxe5 b5 27. Bxe4 Bxe4 28. Bd6 Bc2 29. Rdc1 Bb3 30. cxb5 c4 31. Bc5 Re2 32. Bxa7 Rxb2 33. b6 Ba2 34. Rxa2 Rxa2 35. b7 Bc7 36. b8Q+ Bxb8 37. Bxb8 Rxa3 38. Rxc4 Ra5 39. f4 Ra1+ 40. Kh2 Ra8 41. Be5 Ra3 42. Rc8+ Kh7 43. Rf8 Ra7 44. Kh3 Rb7 45. Kh4 Rb1 46. Rxf7 Kg6 47. Rxg7+ Kf5 48. Rf7+ Kg6 49. Rf6+ Kh7 50. g6+ Kh6 51. g7+ Kh7 52. Rh6+ Kxh6 53. g8Q Rh1+ 54. Kg3 h4+ 55. Kf2 Rf1+ 56. Kxf1 h3 57. Qg7+ Kh5 58. Qg5# 1-0

[Event "EU-ch U10"]
[Site "Bratislava"]
[Date "2019.08.03"]
[Round "2"]
[White "Yonal, Timur"]
[Black "Kisic, Jovan"]
[Result "1-0"]
[WhiteElo "1517"]
[BlackElo "1757"]
[PlyCount "65"]
[EventDate "2019.08.02"]
[EventType "swiss"]
[EventRounds "9"]
[EventCountry "SVK"]
[SourceTitle "EXT 2020"]
[Source "ChessBase"]
[SourceDate "2019.10.17"]
[SourceVersion "1"]
[SourceVersionDate "2019.10.17"]
[SourceQuality "1"]

1. Nf3 Nf6 2. g3 b6 3. Bg2 Bb7 4. 0-0 g6 5. d4 Bg7 6. b3 0-0 7. Bb2 d6 8. c4 Nbd7 9. Nc3 c5 10. d5 Ng4 11. e4 Bc8 12. h3 Nh6 13. Qc2 Ne5 14. Nxe5 Bxe5 15. Nb5 Bxb2 16. Qxb2 a6 17. Nc3 Rb8 18. g4 f5 19. gxf5 gxf5 20. Kh1 Rf6 21. Rg1 Qd7 22. Rae1 f4 23. e5 dxe5 24. Rxe5 f3 25. Bf1+ Rg6 26. Reg5 Kf7 27. Ne4 Qe8 28. Rxg6 hxg6 29. Qe5 Bf5 30. Ng5+ Kg8 31. Ne6 Bxe6 32. Qxe6+ Qf7 33. Rxg6+ 1-0

[Event "EU-ch U10"]
[Site "Bratislava"]
[Date "2019.08.02"]
[Round "1"]
[White "Kisic, Jovan"]
[Black "Ioannou, Constantinos"]
[Result "1-0"]
[WhiteElo "1757"]
[BlackElo "1331"]
[PlyCount "99"]
[EventDate "2019.08.02"]
[EventType "swiss"]
[EventRounds "9"]
[EventCountry "SVK"]
[SourceTitle "EXT 2020"]
[Source "ChessBase"]
[SourceDate "2019.10.17"]
[SourceVersion "1"]
[SourceVersionDate "2019.10.17"]
[SourceQuality "1"]

1. d4 Nf6 2. Nf3 e6 3. e3 c5 4. c3 Nc6 5. Bd3 d5 6. Bb5 Bd7 7. 0-0 Bd6 8. b3 0-0 9. Ba3 Qe7 10. Nbd2 cxd4 11. Bxd6 Qxd6 12. exd4 Rac8 13. Qe2 Rfe8 14. Bxc6 Bxc6 15. Ne5 a6 16. a4 Bd7 17. Rfc1 Qb6 18. Qd3 Rc7 19. f3 Rec8 20. b4 h6 21. Nb3 Be8 22. g3 a5 23. b5 Nd7 24. Nxd7 Bxd7 25. Kg2 f6 26. Nc5 Qd6 27. Nb3 e5 28. Nxa5 Qe6 29. Ra3 exd4 30. Qxd4 Qe2+ 31. Qf2 Qxf2+ 32. Kxf2 b6 33. Nc6 Bxc6 34. bxc6 Rxc6 35. Ke3 Kf7 36. Kd3 Ke6 37. Rb3 Rd6 38. Rcb1 Rcc6 39. Rb5 g5 40. R1b4 f5 41. a5 bxa5 42. Rxa5 Rb6 43. Kd4 Rbc6 44. Ra8 Ra6 45. Rh8 Kf7 46. Rb7+ Kg6 47. Rg8+ Kh5 48. h4 gxh4 49. g4+ fxg4 50. fxg4# 1-0